| Record ID | ia:creativeintellig0000nuss |
| Source | Internet Archive |
| Download MARC XML | https://archive.org/download/creativeintellig0000nuss/creativeintellig0000nuss_marc.xml |
| Download MARC binary | https://www.archive.org/download/creativeintellig0000nuss/creativeintellig0000nuss_meta.mrc |
LEADER: 00840cam a22002897i 4500
001 2013003917
003 DLC
005 20140820075539.0
008 130208t20132013nyu 000 0 eng
010 $a 2013003917
020 $a9780062088420
040 $aDLC$beng$cDLC$dDLC$erda
042 $apcc
050 00 $aHD53$b.N87 2013
082 00 $a658.4/72$223
100 1 $aNussbaum, Bruce.
245 10 $aCreative intelligence :$bharnessing the power to create, connect, and inspire /$cBruce Nussbaum.
250 $aFirst edition.
264 1 $aNew York, NY :$bHarperBusiness,$c[2013]
264 4 $c©2013
300 $axii, 351 pages ;$c23 cm
336 $atext$2rdacontent
337 $aunmediated$2rdamedia
338 $avolume$2rdacarrier
650 0 $aCreative ability in business.
650 0 $aCreative ability.
650 0 $aNew products.